Zákon o některých službách informační společnosti : komentář /

Hlavní autor: Maisner, Martin, 1959-
Korporativní autor: Česko.
Jazyk: Čeština
Vydáno: V Praze : C.H. Beck, 2016
Vydání: Vydání první
Edice: Beckovy komentáře
Témata:
Fyzický popis: xiv, 209 stran ; 20 cm
Knihy
Uloženo v:
LEADER 01890nam a2200505 i 4500
001 nkc20162791099
003 CZ PrNK
005 20161205150601.0
007 ta
008 160405s2016 xr e l 001 0 cze
015 |a cnb002791099 
020 |a 978-80-7400-449-0  |q (vázáno) 
035 |a (OCoLC)951553737 
040 |a ABA001  |b cze  |d BOA001  |e rda 
043 |a e-xr--- 
072 7 |a 351  |x Úkoly veřejné správy, správní opatření, legislativa  |2 Konspekt  |9 15 
080 |a 351.817:004.7  |2 MRF 
080 |a (437.3)  |2 MRF 
080 |a (094.5)  |2 MRF 
080 |a (0.072)  |2 MRF 
100 1 |a Maisner, Martin,  |d 1959-  |7 ola2011635012  |4 cwt 
245 1 0 |a Zákon o některých službách informační společnosti :  |b komentář /  |c Martin Maisner 
246 1 8 |a Komentář - SlInfSp 
250 |a Vydání první 
264 1 |a V Praze :  |b C.H. Beck,  |c 2016 
300 |a xiv, 209 stran ;  |c 20 cm 
336 |a text  |b txt  |2 rdacontent 
337 |a bez média  |b n  |2 rdamedia 
338 |a svazek  |b nc  |2 rdacarrier 
490 1 |a Beckovy komentáře 
504 |a Obsahuje bibliografie, bibliografické odkazy a rejstřík 
650 0 7 |a služby informační společnosti  |7 ph343745  |z Česko  |2 czenas 
650 0 9 |a services of information society  |z Czechia  |2 eczenas 
655 7 |a zákony  |7 fd133886  |2 czenas 
655 7 |a komentáře  |7 fd132578  |2 czenas 
655 9 |a laws  |2 eczenas 
655 9 |a commentaries  |2 eczenas 
710 1 2 |a Česko.  |t Zákon o některých službách informační společnosti (2004, novela 2012)  |7 kon2016916552 
830 0 |a Beckovy komentáře  |0 s 
910 2 |a BOA001  |b 1-1367.494 
990 |a BK 
995 |a 01 
991 |b 201605  |c NOV 
996 6 |b 2610670401  |c 1-1367.494  |l MZK  |r Sklad / do 1 hodiny  |n 1  |p p.v.  |w 001561254  |u 000010  |a 1  |e BOA001  |j MZK50  |s P 
996 7 |b 2610673507  |c 1-1367.494  |l MZK  |r Sklad / do 1 hodiny  |n 2  |p kup  |w 001561254  |u 000020  |a 1  |e BOA001  |j MZK50  |s A